[Event "HCL-E1522"]
[Site "www.playchess.de"]
[Date "2006.01.01"]
[Round "3"]
[White "BohdanL"]
[Black "Gio"]
[WhiteElo "1499"]
[BlackElo "2000"]
[PlyCount "27"]
[Result "1-0"]

1.Nf3 {hi, and have a nice game}  f5 2.e4 fxe4 
3.Ng5 Nf6 4.d3 e6 5.dxe4 Nc6 6.Bd3 d5 7.Nc3 Bd7 
{we will continue playing anotherday, 8:40 am,and 
i still dont sleep laters and enjoy the chess}  
8.exd5 {ok, see you than}  exd5 9.Nxd5 Nxd5 
10.Qh5+ Ke7 11.Qf7+ {i do not think it was good 
move}  Kd6 12.Ne4+ Ke5 13.f4+ Kd4 
14.c3+ 1-0

[Event "HCL-C4038"]
[Site "www.playchess.de"]
[Date "2006.01.01"]
[Round "4"]
[White "garden"]
[Black "IRONMAIDEN"]
[WhiteElo "1034"]
[BlackElo "1465"]
[PlyCount "88"]
[Result "0-1"]

1.e3 e5 {hi!}  2.d4 {hi from sao paulo, brazil!}  
exd4 3.Qxd4 Nc6 4.Qe4+ Qe7 5.Qxe7+ Bxe7 6.Bd3 Nf6 
7.Ne2 O-O 8.O-O d5 9.Nbc3 a6 10.Nd4 Nxd4 11.exd4 
c6 12.Bg5 h6 13.Bxf6 Bxf6 14.Ne2 b5 15.b4 Bg4 
16.f3 Bh5 17.Nf4 Bxd4+ 18.Kh1 g6 19.g4 Bxg4 
20.fxg4 Bxa1 21.Rxa1 a5 22.c3 Rae8 23.Ng2 axb4 
24.cxb4 Rea8 25.Nf4 Ra3 26.Bf1 Re8 27.Ne2 Re4 
28.h3 Ree3 29.Kh2 f5 30.gxf5 gxf5 31.Kg1 Re4 
32.Kf2 f4 33.Bg2 Rxb4 34.Nc1 Kg7 35.Bf3 Rb2+ 
36.Be2 f3 37.Ke1 fxe2 38.Nxe2 Re3 39.Kf2 Rbxe2+ 
40.Kf1 Rh2 41.Re1 Rxe1+ 42.Kxe1 b4 43.a4 b3 44.Kf1 
b2 0-1

[Event "HCL-B3782"]
[Site "www.playchess.de"]
[Date "2006.01.01"]
[Round "1"]
[White "SMLooking"]
[Black "sripradeep"]
[WhiteElo "1392"]
[BlackElo "1549"]
[PlyCount "21"]
[Result "1-0"]

1.d4 {hi, gl}  d5 2.c4 c6 3.Nf3 Nf6 4.Nc3 dxc4 
5.a4 a6 6.Bg5 h6 7.Bh4 Qa5 8.Bxf6 exf6 9.e3 Bb4 
10.Rc1 b5 11.axb5 1-0

[Event "HCL-C4040"]
[Site "www.playchess.de"]
[Date "2006.01.01"]
[Round "6"]
[White "Saladin"]
[Black "IRONMAIDEN"]
[WhiteElo "1451"]
[BlackElo "1461"]
[PlyCount "51"]
[Result "1-0"]

1.g3 e5 2.Bg2 d5 3.d4 exd4 4.Qxd4 Nc6 5.Qxd5 Qxd5 
6.Bxd5 Ne5 7.Bf4 Bd6 8.Nc3 c6 9.Bf3 Nxf3+ 10.Nxf3 
Bxf4 11.gxf4 Nf6 12.O-O-O O-O 13.Rd6 Be6 14.Ng5 
Bc4 15.h4 Rad8 16.Rhd1 Rde8 17.e4 h6 18.e5 hxg5 
19.exf6 gxf6 20.fxg5 fxg5 21.Rg1 f6 22.hxg5 Kh7 
23.gxf6 Re6 24.Rd7+ Kh6 25.Rd4 Bd5 
26.Rh4+ 1-0

[Event "HCL-B3735"]
[Site "www.playchess.de"]
[Date "2006.01.01"]
[Round "3"]
[White "ama49"]
[Black "Ivan_Lacerda"]
[WhiteElo "1155"]
[BlackElo "1163"]
[PlyCount "96"]
[Result "0-1"]

1.e4 {Hello again!}  c5 {Hello, good lucky my 
friend.}  2.Nf3 a6 3.d4 cxd4 4.Nxd4 Nc6 5.Be3 e5 
6.Nxc6 bxc6 7.Nc3 Bb4 8.Bc4 Bxc3+ 9.bxc3 Ne7 
10.O-O Bb7 11.Bg5 f6 12.Bh4 d5 13.exd5 cxd5 14.Bb3 
a5 15.Re1 Qc7 16.Qf3 d4 17.Qg3 Ng6 18.c4 a4 
19.Bxa4+ Bc6 20.Bb3 Ba4 21.h3 Nxh4 22.Qxh4 O-O 
23.Qe4 Rad8 24.Qd3 Bc6 25.f3 g5 26.Kf2 Kg7 27.g3 
h5 28.g4 h4 29.Qf5 Qd7 30.Qxd7+ Bxd7 31.Rad1 Kg6 
32.Rd3 Rde8 33.c3 f5 34.gxf5+ Bxf5 35.Rd2 d3 
36.Ke3 e4 37.Kf2 Bxh3 38.Bd1 Bf5 39.fxe4 Bxe4+ 
40.Kg1 Bf5 41.Rxe8 Rxe8 42.Bb3 Rc8 43.Kf2 g4 
44.Ke3 h3 45.Kf2 Kg5 46.Kg3 Re8 47.a4 Re2 48.Rd1 
Rg2+ 0-1

[Event "HCL-E1441"]
[Site "www.playchess.de"]
[Date "2006.01.01"]
[Round "16"]
[White "Pijean"]
[Black "meteoro"]
[WhiteElo "1725"]
[BlackElo "1502"]
[PlyCount "137"]
[Result "1/2-1/2"]

1.d4 {good luck!}  d5 {Good luck from London}  
2.c4 {thx}  dxc4 3.e3 Nf6 4.Bxc4 e6 5.Nc3 Bb4 6.a3 
Bxc3+ 7.bxc3 O-O 8.Nf3 b6 9.O-O Bb7 10.Bd3 Nc6 
11.e4 h6 12.e5 Nd5 13.c4 Nde7 14.Be4 Na5 15.Bxb7 
Nxb7 16.h3 c5 17.dxc5 Nxc5 18.Qc2 Qd3 19.Qxd3 Nxd3 
20.Rd1 Nxc1 21.Raxc1 Rfd8 22.Rd2 Rxd2 23.Nxd2 Rd8 
24.Nf3 Nc6 25.Kf1 Rd3 26.c5 b5 27.Rb1 a6 28.a4 b4 
29.Ke2 Rc3 30.Ne1 Rxc5 31.Nd3 Rc4 32.f4 a5 33.g3 
Nd4+ 34.Kd2 Rc2+ 35.Ke3 Nf5+ 36.Kf3 Rc3 37.Rd1 b3 
38.g4 Nd4+ 39.Ke3 Nc6 40.f5 exf5 41.gxf5 Rc2 
42.Rb1 Rh2 43.Rxb3 Rxh3+ 44.Ke4 Nb4 45.Nc5 Rh4+ 
46.Kf3 Rh3+ 47.Ke4 Rxb3 48.Nxb3 Nc6 49.Kd5 Ne7+ 
50.Ke4 Nc6 51.Kd5 Nb4+ 52.Ke4 Na2 53.Kd4 h5 
54.Nxa5 Nc3 55.Ke3 Nxa4 56.Kf4 g6 57.Nc6 Nc5 
58.Kg5 Ne4+ 59.Kf4 Nc5 60.Kg5 Ne4+ 61.Kf4 
{(offering draw)}  Nc3 62.Kg5 Nb5 63.fxg6 fxg6 
64.Ne7+ Kf7 65.Nxg6 h4 66.Nxh4 Ke6 67.Nf3 Na7 
68.Kf4 Nc6 69.Ke4 {(offering draw)} 
 1/2-1/2

[Event "HCL-B3750"]
[Site "www.playchess.de"]
[Date "2006.01.01"]
[Round "15"]
[White "GCP"]
[Black "gordi"]
[WhiteElo "1515"]
[BlackElo "1248"]
[PlyCount "82"]
[Result "0-1"]

1.e4 {hello from Rome, have a good game}  e5 {Chau 
mi amigo.}  2.Nf3 Bd6 3.Bc4 h6 4.b3 Nf6 5.Bb2 Nc6 
6.O-O O-O 7.Re1 a6 8.d4 exd4 9.Nxd4 Re8 10.Nd2 Be5 
11.N2f3 Nxd4 12.Nxd4 c5 13.c3 cxd4 14.cxd4 Bc7 
15.e5 Nh7 16.Qh5 Ng5 17.h4 Ne6 18.d5 Nf4 19.Qg4 
Ng6 20.h5 Nxe5 21.Qd4 d6 22.Kf1 f6 23.Be2 b5 
24.Rad1 Bb6 25.Qf4 Bb7 26.Bxe5 Rxe5 27.Bf3 Rxe1+ 
28.Rxe1 Rc8 29.Qf5 Ba5 30.Rd1 Rc5 31.Be4 Qc8 
32.Qh7+ Kf8 33.Qh8+ Kf7 34.Bg6+ Ke7 35.Qxg7+ Kd8 
36.Qxf6+ Kc7 37.Bf5 Qe8 38.Qg7+ Kb8 39.Qxh6 Rxd5 
40.Qc1 Rxf5 41.Rxd6 Rxh5 0-1

[Event "HCL-C3849"]
[Site "www.playchess.de"]
[Date "2006.01.02"]
[Round "15"]
[White "bossjos"]
[Black "sigma40"]
[WhiteElo "1346"]
[BlackElo "1133"]
[PlyCount "114"]
[Result "0-1"]

1.e4 e5 2.Nf3 Nc6 3.Bc4 h6 4.Nc3 Bb4 5.O-O Nf6 
6.d3 O-O 7.Bd2 d6 8.a3 Ba5 9.Nd5 Nd4 10.Nxd4 Bxd2 
11.Qxd2 exd4 12.f4 c6 13.Nxf6+ Qxf6 14.Rae1 b5 
15.Ba2 Re8 16.Rf3 Be6 17.Bxe6 Rxe6 18.f5 Re5 19.g4 
c5 20.Rg3 Qg5 21.Qxg5 hxg5 22.Rf1 f6 23.Rh3 Rae8 
24.Rh5 Kf7 25.Rf3 Rg8 26.Rfh3 d5 27.exd5 Rxd5 
28.Rf3 Re5 29.Kf2 Rge8 30.Kg3 R5e2 31.Rf2 c4 
32.Rh3 cxd3 33.cxd3 R2e3+ 34.Rf3 a5 35.Kg2 R3e2+ 
36.Rf2 Rxf2+ 37.Kxf2 Rc8 38.Kf3 Re8 39.Kf2 b4 
40.a4 Kg8 41.Rg3 Rc8 42.Kf3 Re8 43.Rg2 Re1 44.Rc2 
Re3+ 45.Kf2 Rxd3 46.Re2 Rb3 47.Rd2 Kf7 48.Ke2 g6 
49.fxg6+ Kxg6 50.Kf2 f5 51.gxf5+ Kxf5 52.Ke2 Ke4 
53.Kf2 g4 54.Ke2 Rh3 55.Ke1 d3 56.Kd1 g3 57.hxg3 
Rh1+ {gg}  0-1

[Event "HCL-A2510"]
[Site "www.playchess.de"]
[Date "2006.01.02"]
[Round "8"]
[White "Baldrick"]
[Black "A2557"]
[WhiteElo "1727"]
[BlackElo "1350"]
[PlyCount "27"]
[Result "1-0"]

1.Nf3 {Greetings!}  d5 {Hi from Barcelos, 
Portugal!}  2.g3 Nc6 3.Bg2 e5 4.d3 Bf5 5.Nh4 Bg4 
6.h3 Be6 7.O-O Qd7 8.Kh2 Be7 9.Nf3 O-O-O 10.Nbd2 
f5 11.Nb3 Nh6 12.Bg5 Nf7 13.Bxe7 Qxe7 
14.Nfd2 1-0

[Event "HCL-E1472"]
[Site "www.playchess.de"]
[Date "2006.01.02"]
[Round "17"]
[White "Duke01"]
[Black "Rich2003"]
[WhiteElo "1746"]
[BlackElo "1956"]
[PlyCount "64"]
[Result "0-1"]

1.e4 e5 2.Nf3 Nc6 3.Bb5 a6 4.Ba4 Nf6 5.O-O b5 
6.Bb3 Be7 7.Re1 d6 8.c3 O-O 9.d4 Bb7 10.Bg5 h6 
11.Bh4 Na5 12.Bc2 Nd7 13.Bxe7 Qxe7 14.Nbd2 Qf6 
15.d5 c5 16.b4 cxb4 17.cxb4 Nc4 18.Nxc4 bxc4 
19.Rc1 a5 20.b5 Nb6 21.a4 Qf4 22.Bb1 Rac8 23.Ba2 
c3 24.Qb3 Rc5 25.Rxc3 Nxa4 26.Rxc5 Nxc5 27.Qe3 
Qxe3 28.Rxe3 Rc8 29.Nd2 Nxe4 30.Rxe4 Rc2 {Happy 
holidays}  31.Bc4 Rxd2 32.b6 Rd1+ 0-1

[Event "HCL-B3651"]
[Site "www.playchess.de"]
[Date "2006.01.02"]
[Round "20"]
[White "joleti"]
[Black "jjn2"]
[WhiteElo "1500"]
[BlackElo "1664"]
[PlyCount "90"]
[Result "0-1"]

1.e4 c5 2.Nf3 d6 3.d4 cxd4 4.Nxd4 Nf6 5.Nc3 a6 
6.Be2 e6 7.Be3 b5 8.Bf3 b4 9.Nce2 Bb7 10.Ng3 Nbd7 
11.Qd2 Rb8 12.Rd1 Be7 13.Nb3 Qc7 14.Bd4 h5 15.h4 
Ne5 16.c3 bxc3 17.Bxc3 d5 18.Qg5 Ng6 19.Ba5 Qc6 
20.Rc1 Qa4 21.Qd2 dxe4 22.Bd1 Qb5 23.Nd4 Qd3 
24.Ba4+ Kf8 25.Bc6 Bxc6 26.Nxc6 Qxd2+ 27.Kxd2 
Rxb2+ 28.Rc2 Rxc2+ 29.Kxc2 Bc5 30.Rb1 Kg8 31.Bb6 
Bxb6 32.Rxb6 Nxh4 33.Rxa6 Nxg2 34.Ra8+ Kh7 
35.Rxh8+ Kxh8 36.a4 h4 37.Nh1 Nd5 38.a5 Nc7 39.Nb4 
Nf4 40.a6 Nfd5 41.Nxd5 exd5 42.a7 f5 43.Kd2 g5 
44.f3 d4 45.Ke2 e3 0-1

[Event "HCL-E1495"]
[Site "www.playchess.de"]
[Date "2006.01.02"]
[Round "9"]
[White "xasanov"]
[Black "Willy"]
[WhiteElo "2100"]
[BlackElo "1946"]
[PlyCount "30"]
[Result "0-1"]

1.e4 {Hi}  e5 {Hi,good luck.}  2.Nf3 {ok}  Nc6 
3.Bc4 Bc5 4.d4 {hi}  Bxd4 5.Ng5 Nh6 6.Qf3 O-O 
7.Nh3 d5 8.exd5 e4 9.Qd1 Bxh3 10.dxc6 Qf6 11.Be3 
Bxe3 12.fxe3 Rad8 13.Qc1 Bxg2 14.Rg1 Qh4+ 15.Ke2 
Qxh2 0-1

[Event "HCL-A2526"]
[Site "www.playchess.de"]
[Date "2006.01.02"]
[Round "15"]
[White "flashback6969"]
[Black "Marius_sah"]
[WhiteElo "1900"]
[BlackElo "1403"]
[PlyCount "30"]
[Result "0-1"]

1.e4 e5 {Hi. Good luck!}  2.g4 {same here}  Nf6 
3.d3 d6 4.Bg5 h6 5.Be3 Bxg4 6.f3 Bd7 7.h4 Be7 
8.Qd2 Nc6 9.Nc3 O-O 10.Bh3 Bxh3 11.Nxh3 Ne8 12.Nd5 
f5 13.O-O-O f4 14.Bf2 Nf6 15.c4 
Nxd5 0-1

[Event "HCL-M843"]
[Site "www.playchess.de"]
[Date "2006.01.02"]
[Round "10"]
[White "Charles_Allen"]
[Black "Kimura"]
[WhiteElo "1876"]
[BlackElo "1852"]
[PlyCount "41"]
[Result "1-0"]

1.e4 {Greetings from Texas, USA.}  e5 {Hello from 
Washington D.C.}  2.d4 exd4 3.c3 dxc3 4.Bc4 cxb2 
5.Bxb2 d5 6.Bxd5 Nf6 7.Bxf7+ Kxf7 8.Qxd8 Bb4+ 
9.Qd2 Bxd2+ 10.Nxd2 c5 11.Ngf3 Nc6 12.O-O-O h6 
13.e5 Ne8 14.Ne4 b6 15.Nd6+ Nxd6 16.Rxd6 Ne7 
17.e6+ Kg6 18.Nh4+ Kh7 19.f4 Rf8 20.f5 Nxf5 
21.Nxf5 1-0

[Event "HCL-B3734"]
[Site "www.playchess.de"]
[Date "2006.01.02"]
[Round "34"]
[White "newplayer"]
[Black "ulibear"]
[WhiteElo "1069"]
[BlackElo "1296"]
[PlyCount "102"]
[Result "0-1"]

1.e4 c5 2.e5 d5 3.exd6 exd6 4.a4 g6 5.b3 Bg7 6.c3 
{hi ulibear  wo bist du in deutschland}  Qe7+ 
7.Be2 Nc6 {in Bielefeld, 100 km westlich von 
Han-nover ... muß man nicht kennen, ist tiefe 
Provinz, nur Oetker ist überall bekannt ... der 
gute Arminen-Fußballer Zuma zeigt, daß 
Südafrikaner Deutsch können :-)}  8.Nf3 {komme aus 
hildesheim seit 1982 hierin sa  wohnhaft}  Bg4 
9.O-O O-O-O {bin ziemlich sicher, daß es Dir in SA 
gefällt}  10.Re1 {ja grosses schoenes land    
wohne im haus auf 2000 quadrat meter grundstueck 
mit pool koennte ich mir als motormechanicer in 
deutschland nie leisten seit 12 jahren verheiratet 
2 kinder
der nachteil   es ist hier gefaehrlicher als in 
europa & weniger geld}  Qc7 {kann ich sehr gut 
nachvollziehen, da ich es auch so von vielen 
Freunden, die SA besucht hatten, gehört habe.}  
11.h3 {du musst dir das land auch mal anschauen  
nicht nur capetown&durba
sind aber auch alles grosse abstaende  viel 
rumfahren brauchst  viel zeit dafuer}  Bd7 {werde 
ich gewiß mal tun, zumal ich ein begeisterter 
Golfer bin und dort die großen Courses spielen 
möchte :-)}  12.Bb5 {ja hier sind viele plaetze 
und viele golfer  ich bin leider keiner von ihnen  
fahre nur fahrrad bin immer hinten nehme meine 
zeit 110km ca 6 stunden in capetown}  a6 {was 
meinst Du mit "bin immer hinten"? mit dem Fahrrad 
in 6 Stunden fährst Du nach Kapstadt? dann wäre 
die Tour de France etwas für Dich! :-)}  13.Bxc6 
{in capetown ist im maerz immer ein rennen(Cape 
Argus) 110km lang 35000 radfahrer dort brauch ich 
immer 6 stunden ist da nicht ein golfcourse in bad 
salzstetfurt oder wo spielst du 

bloemfontein hat 2 golfcourse aber nicht so schoen 
wie an der kueste}  Bxc6 {ich spiele jetzt in 
Bielefeld, früher in Bad Salzuflen ... nach SA auf 
eine Golf-, Wein- und Safari-Reise zu gehen, zu 
den Träumen, was ich nach einem Lotto-Gewinn 
machen würde :-)}  14.Ng5 {lotto habe ich  
aufgegeben mach den pot immer nur voll sa ist 
nicht teuer nur de flug  euro 1=8 rand also alles  
4-5 mal billiger hoer was die anderen urlauber 
immer sagen
werd mal rausfinden  was 1 runde golf auf fancourt 
kostet oder bei lost city}  h6 {bei lost city 
dürfte es teuer sein, werd mal hören, was die 
urlauber sagen zu den preisen in sa allg... flüge 
kriegt man jetzt gewiß schon preiswerter, wenn man 
fürh genug bucht}  15.Nf3 {14 tage capearea  8 
golfcourse 8 runden mietwagen uebernachtung kosten 
ca euro 2000 pp sagt eine webseite  ja  ueberleg 
es  spiel golf in sa und abends ins casino 

ausgaben zurueckgewinnen
wir fliegen im juni 2006 nach deutschland flug 
kostet +- E 1100}  Nf6 {gute Idee und vielen Dank 
für Deine Infos .. ist doch günstiger als ich 
dachte}  16.d4 {ja zurueck zum schach hab hier 
aber leider keine idee die was bringt}  Ne4 {Deine 
Königsstellung sieht sicherer aus als meine, wenn 
das Wettrennen bei den  entgegengesetzten Rochaden 
wie üböich beginnt :-)}  17.Nfd2 Nxd2 18.Nxd2 Rhe8 
19.Rxe8 Bxe8 20.Nc4 d5 21.Ne3 c4 22.bxc4 dxc4 
23.Rb1 f5 24.Ba3 b5 25.axb5 axb5 26.Bc5 Bc6 27.Ra1 
Kd7 28.d5 Bb7 29.Ra7 Kc8 {das Spiel wird noch 
spannender :-)}  30.Bd4 {meine hirnzellen qualmen 
schon}  Bxd4 {ja, sieht nicht so gut aus wie vor 
einigen Zügen! :-)}  31.Qxd4 {fuer wen :-)}  f4 
{für mich, denke ich, obwohl Dein Bauer d5 nicht 
gerade sehr stark wirkt :-)}  32.Ng4 {yup stimmt 
leider aber vielleicht schaff ich noch ein remis}  
Rxd5 33.Qxd5 Bxd5 {sieht nicht schlecht, aber vor 
das Remis haben die Götter das Endspiel gesetzt!}  
34.Rxc7+ {na ob man denen trauen kann}  Kxc7 
35.Nxh6 {frohe weihnachten}  Be6 {danke und 
gleichfalls frohes Festtage und einen guten 
Rutsch: bin nach Weihnachten auf Familienbesuch in 
Hamburg :-)}  36.Kf1 {meine  familie  mutter in 
hildesheim
bruder&schwester in bremen schwiegermutter ist nur 
250km weg feiert schoen & glueckliches 
2006

wir liegen am pool und hoeren deutsche 
weihnachtlieder}  Kd6 {ja, das klingt gemütlich! 
genießt es! :-)}  37.Ke2 {danke}  Ke5 38.g3 fxg3 
39.fxg3 Bxh3 40.Ke3 Be6 41.g4 Kf6 42.Ke4 Kg5 
43.Ke5 Bxg4 44.Nf7+ Kh4 45.Kd4 Bf5 46.Nd6 Bd7 
47.Kc5 g5 48.Nxb5 Bxb5 49.Kxb5 g4 50.Kxc4 {tja bin 
ich wohl etwas zu langsam}  g3 {will ich doch 
stark hoffen! :-9}  51.Kd3 {vielleicht im anderen 
spiel  dies war mein letzter zug :-(}  g2 {wir 
haben einen ziemlich ausgeglichenen Score bis 
jetzt :-)}  0-1

[Event "HCL-A2434"]
[Site "www.playchess.de"]
[Date "2006.01.02"]
[Round "15"]
[White "knightprancer"]
[Black "kali"]
[WhiteElo "1301"]
[BlackElo "1468"]
[PlyCount "56"]
[Result "1/2-1/2"]

1.d4 {all the best.viel Gluck !}  e6 {Same to 
you!}  2.e3 Nf6 3.Bd3 c5 4.c3 Nc6 5.f4 cxd4 6.cxd4 
d5 7.Nf3 Bb4+ 8.Bd2 Bxd2+ 9.Nbxd2 O-O 10.O-O Qb6 
11.b3 Bd7 12.Ne5 Nxe5 13.fxe5 Ne8 14.Nf3 Bb5 
15.Bxh7+ Kxh7 16.Ng5+ Kg6 17.Qg4 f5 18.exf6 Nxf6 
19.Rxf6+ Kxf6 20.Qh4 Ke7 21.Nh7+ Kd6 22.Nxf8 Rxf8 
23.Qg3+ Ke7 24.Qxg7+ Ke8 25.Qg6+ Kd7 26.Qg7+ Ke8 
27.Qg6+ Ke7 28.Qg7+ Ke8 {(offering draw) 3rd time 
same position...}  1/2-1/2

[Event "HCL-A2509"]
[Site "www.playchess.de"]
[Date "2006.01.02"]
[Round "10"]
[White "k_a_n_i_b_a_l"]
[Black "daddy_4_eyes"]
[WhiteElo "1593"]
[BlackElo "1515"]
[PlyCount "99"]
[Result "1-0"]

1.d4 {hi...}  d5 {hello and gl}  2.c4 e6 3.Nc3 Bb4 
4.e3 Nf6 5.a3 Bxc3+ 6.bxc3 Nbd7 7.Nf3 O-O 8.cxd5 
exd5 9.Bd3 Re8 10.O-O c6 11.Bb2 Ne4 12.c4 Ndf6 
13.h3 Qb6 14.Rb1 Bf5 15.Ne5 dxc4 16.Nxc4 Qc7 
17.Ne5 Nd6 18.Bxf5 Nxf5 19.Qf3 Ne7 20.Rbc1 Ng6 
21.Nxg6 hxg6 22.d5 Nxd5 23.Rfd1 Qe7 24.Rd4 Rad8 
25.Rcd1 Nf6 26.Qe2 Rxd4 27.Bxd4 Nd5 28.Qb2 Qg5 
29.Qxb7 c5 30.Bxc5 Nc3 31.Qc6 Nxd1 32.Qxe8+ Kh7 
33.Bxa7 Qf5 34.e4 Qf6 35.Qa4 Nc3 36.Qc4 Nxe4 
37.Qxe4 Qa1+ 38.Kh2 Qxa3 39.Be3 Qd6+ 40.Qf4 Qxf4+ 
41.Bxf4 f6 42.h4 Kg8 43.Kg3 Kf7 44.Be3 Ke6 45.Kf4 
Kd5 46.g3 Ke6 47.Ke4 Kd6 48.Bd4 Ke6 49.Bc5 f5+ 
{happy new year!}  50.Kf4 {tnx, you too!} 
 1-0

[Event "HCL-B3782"]
[Site "www.playchess.de"]
[Date "2006.01.02"]
[Round "21"]
[White "Bense"]
[Black "Herbert_Pjede"]
[WhiteElo "1053"]
[BlackElo "1379"]
[PlyCount "40"]
[Result "0-1"]

1.e4 e5 2.d3 Nc6 3.Nc3 Bb4 4.Bd2 Nf6 5.h4 d5 6.Nf3 
d4 7.Ne2 Bxd2+ 8.Qxd2 O-O 9.g3 Bg4 10.Bg2 Qe7 
11.b3 Qa3 12.Bh3 Bxf3 13.Ng1 Bxh1 14.f3 Qb2 15.Qd1 
Nb4 16.Kd2 Nh5 17.Bg4 Nxg3 18.Ne2 Nf1+ 19.Qxf1 
Qxc2+ 20.Ke1 Nxd3+ 0-1

[Event "HCL-M854"]
[Site "www.playchess.de"]
[Date "2006.01.02"]
[Round "4"]
[White "temple"]
[Black "AronVug"]
[WhiteElo "1754"]
[BlackElo "2005"]
[PlyCount "56"]
[Result "0-1"]

1.d4 {Hello,good luck.}  Nf6 {Hello! Nice to meet 
you. Good game.}  2.c4 g6 3.Nc3 d5 4.Nf3 Bg7 5.e3 
O-O 6.Bd3 c5 7.O-O cxd4 8.Nxd4 e5 9.Nb3 Be6 
10.cxd5 Nxd5 11.Nxd5 Qxd5 12.e4 Qd6 13.Be3 b6 
14.Qe2 Nc6 15.Rfd1 Nd4 16.Bxd4 exd4 17.Bc4 Rad8 
18.Rac1 Bxc4 19.Rxc4 d3 20.Qd2 Rfe8 21.f3 Be5 
22.g3 Qe6 23.Rcc1 a5 24.Rcb1 f5 25.f4 a4 26.exf5 
Qxf5 27.Nc1 Bd4+ 28.Kh1 Re2 0-1

[Event "HCL-M841"]
[Site "www.playchess.de"]
[Date "2006.01.02"]
[Round "6"]
[White "Status_Quo"]
[Black "temple"]
[WhiteElo "1803"]
[BlackElo "1794"]
[PlyCount "97"]
[Result "1/2-1/2"]

1.e4 {Hello!Good luck.}  d5 {Same to You!}  2.exd5 
{Scandinavian is in vogue just now...}  Nf6 {Yes}  
3.d4 Nxd5 4.c4 Nf6 5.Nf3 e6 6.Nc3 Be7 7.Bd3 O-O 
8.O-O b6 9.Qe2 Bb7 10.Bf4 Bd6 11.Bg5 Nbd7 12.Rad1 
Re8 13.Nb5 h6 14.Nxd6 cxd6 15.Bd2 d5 16.b3 Rc8 
17.Ne5 Ne4 18.Bxe4 dxe4 19.Rfe1 Nxe5 20.dxe5 Qh4 
21.Bc3 Red8 22.Rd6 Qg5 23.Red1 Rxd6 24.exd6 Rd8 
25.Qe3 Qxe3 26.fxe3 f6 27.b4 Kf7 28.b5 e5 29.Bb4 
Ke6 30.c5 bxc5 31.Bxc5 a6 32.d7 Rxd7 33.Rxd7 Kxd7 
34.bxa6 {I have been suffering from a cold}  Bxa6 
35.Bf8 g6 36.Bxh6 Ke8 37.Kf2 Kf7 38.Ke1 g5 39.a4 
Kg6 40.Bf8 f5 41.Bd6 Kf6 42.g3 Ke6 43.Bc7 f4 
44.gxf4 exf4 45.exf4 gxf4 46.Bxf4 Kd7 47.Kd2 e3+ 
48.Kxe3 Kc6 49.Kd4 {(offering draw) I must have 
missed a win somewhere. Well played.} 
 1/2-1/2

[Event "HCL-A2408"]
[Site "www.playchess.de"]
[Date "2006.01.02"]
[Round "10"]
[White "golddim"]
[Black "G501"]
[WhiteElo "1513"]
[BlackElo "1441"]
[PlyCount "123"]
[Result "1-0"]

1.e4 {Hello from Israel}  e5 {Greetings from 
Flanders, have a nice game.}  2.f4 d6 3.Nf3 Bg4 
4.Bc4 Nc6 5.d3 Nd4 6.O-O Nxf3+ 7.gxf3 Bh3 8.Re1 
Be7 9.Be3 exf4 10.Bxf4 Nf6 11.Kh1 Be6 12.Bxe6 fxe6 
13.Rg1 Nh5 14.Be3 Bf6 15.c3 Qd7 16.f4 Qf7 17.Nd2 
O-O 18.d4 e5 19.fxe5 dxe5 20.d5 b6 21.Qe2 Be7 
22.Raf1 Bf6 23.Bg5 Qe8 24.Rf5 Nf4 25.Bxf4 exf4 
26.Rxf4 c6 27.d6 Be5 28.Rxf8+ Qxf8 29.Nc4 Bxd6 
30.Nxd6 Qxd6 31.Qg4 Qe7 32.Rd1 Qf7 33.b3 h6 34.Kg2 
Rf8 35.Qf5 Qxf5 36.exf5 Rxf5 37.Rd7 a5 38.Rd6 Rc5 
39.c4 b5 40.cxb5 cxb5 41.Rd2 g5 42.Kf3 h5 43.Ke4 
Kg7 44.h3 a4 45.bxa4 bxa4 46.Rd3 Kg6 47.a3 Rc4+ 
48.Kf3 Rc6 49.Ke4 Rb6 50.Rd4 Rb3 51.Rxa4 Rxh3 
52.Ra6+ Kf7 53.Kf5 Rg3 54.Ra7+ Ke8 55.Ke6 Kd8 
56.a4 h4 57.Kf5 h3 58.Rh7 g4 59.Kf4 Rg2 60.a5 h2 
61.a6 g3 62.a7 1-0

[Event "HCL-A2496"]
[Site "www.playchess.de"]
[Date "2006.01.02"]
[Round "19"]
[White "MBartl"]
[Black "MimiSiku"]
[WhiteElo "1490"]
[BlackElo "1552"]
[PlyCount "87"]
[Result "1-0"]

1.e4 e5 2.Nf3 Nc6 3.Bc4 Bc5 4.c3 d6 5.d4 exd4 
6.cxd4 Bb6 7.Nc3 Nge7 8.O-O O-O 9.Bg5 Qd7 10.Rc1 
a6 11.Re1 Qe8 12.e5 dxe5 13.Nxe5 h6 14.Nxc6 Qxc6 
15.Bxe7 Qxc4 16.Bxf8 Kxf8 17.Qe2 Qxe2 18.Nxe2 Be6 
19.b3 Rd8 20.Nf4 Bf5 21.d5 g5 22.Re5 Be4 23.Ne2 
Rxd5 24.Rxe4 Rd2 25.a4 c6 26.Rf1 Rb2 27.Nd4 f6 
28.h3 Kf7 29.g4 c5 30.Nf5 Rxb3 31.Nxh6+ Kg6 32.Nf5 
Bc7 33.Ne7+ Kf7 34.Nd5 Bd6 35.f4 Rd3 36.fxg5 Rxd5 
37.Rxf6+ Kg7 38.Ree6 Be5 39.Re7+ Kg8 40.Rg6+ Kf8 
41.Rxb7 Rd1+ 42.Kg2 Ra1 43.Rxa6 c4 
44.Ra8+ 1-0

[Event "HCL-A2457"]
[Site "www.playchess.de"]
[Date "2006.01.02"]
[Round "3"]
[White "ados99"]
[Black "Alex77"]
[WhiteElo "1427"]
[BlackElo "1475"]
[PlyCount "93"]
[Result "1/2-1/2"]

1.e4 {good luck}  e5 {you too}  2.Nf3 Nc6 3.Bb5 a6 
4.Ba4 Nf6 5.O-O Be7 6.Re1 b5 7.Bb3 O-O 8.c3 d5 
9.exd5 Nxd5 10.Nxe5 Nxe5 11.Rxe5 c6 12.Bxd5 cxd5 
13.d4 Bd6 14.Re1 Qh4 15.g3 Qh3 16.Qf3 Rb8 17.Bf4 
Bg4 18.Qg2 Bxf4 19.Qxh3 Bxh3 20.gxf4 Rb6 21.Re5 
Rg6+ 22.Rg5 h6 23.Rg3 Rb8 24.Nd2 h5 25.Kh1 Bf5 
26.Rg5 Rxg5 27.fxg5 Bd3 28.Re1 b4 29.cxb4 Rxb4 
30.Nb3 Be4+ 31.Kg1 a5 32.Nxa5 Rxb2 33.Ra1 Rb4 
34.Nb3 Bc2 35.Rc1 Bxb3 36.axb3 Rxd4 37.Kf1 Rb4 
{(offering draw)}  38.Rc3 Kh7 39.Rd3 d4 40.Ke2 Kg6 
41.h4 f6 42.f4 Kf5 {(offering draw)}  43.Kf3 fxg5 
44.fxg5 g6 45.Kg3 Ke4 46.Rf3 Ke5 47.Rd3 {(offering 
draw)}  1/2-1/2

[Event "HCL-C4006"]
[Site "www.playchess.de"]
[Date "2006.01.02"]
[Round "17"]
[White "qqq"]
[Black "Farquhart"]
[WhiteElo "1465"]
[BlackElo "349"]
[PlyCount "39"]
[Result "1-0"]

1.d4 d5 2.c4 dxc4 3.e3 e6 4.Bxc4 Nc6 5.Nf3 Bb4+ 
6.Nc3 Nf6 7.O-O Ng4 8.a3 Bd6 9.e4 Qf6 10.e5 Ngxe5 
11.dxe5 Nxe5 12.Nxe5 Bxe5 13.Qg4 Bd4 14.Bg5 Qe5 
15.Rfe1 Qc5 16.Be3 e5 17.Bxd4 Qxc4 18.Rxe5+ Kf8 
19.Qe4 Qb3 20.Re8+ 1-0

[Event "HCL-M870"]
[Site "www.playchess.de"]
[Date "2006.01.02"]
[Round "2"]
[White "Dailos"]
[Black "BerndS"]
[WhiteElo "2127"]
[BlackElo "1963"]
[PlyCount "51"]
[Result "1-0"]

1.e4 c6 {Hi, have a good game.}  2.d4 {Same to 
you}  d5 3.Nc3 dxe4 4.Nxe4 Bf5 5.Ng3 Bg6 6.h4 h6 
7.Nf3 Nd7 8.h5 Bh7 9.Bd3 Bxd3 10.Qxd3 e6 11.Bf4 
Qa5+ 12.Bd2 Qc7 13.Qe2 Ngf6 14.O-O-O O-O-O 15.Ne5 
Nb6 16.Ba5 Rd5 17.Bxb6 axb6 18.c4 Ra5 19.Kb1 Bd6 
20.f4 Rd8 21.Ne4 Nxe4 22.Qxe4 f5 23.Qe3 Bxe5 
24.dxe5 b5 25.c5 Ra4 26.Rd6 1-0

[Event "HCL-C4017"]
[Site "www.playchess.de"]
[Date "2006.01.02"]
[Round "3"]
[White "chechu"]
[Black "Henri"]
[WhiteElo "800"]
[BlackElo "785"]
[PlyCount "43"]
[Result "1-0"]

1.e4 {hello from Spain
}  e5 {Bonjour (de Bourgogne, en France) et Bonne 
Partie}  2.Nf3 Nc6 3.Bb5 {BONJOUR
}  Nf6 4.O-O a6 5.Ba4 Nxe4 6.d4 exd4 7.Nxd4 Nc5 
8.Bxc6 bxc6 9.Re1+ Be7 10.Nf5 Ne6 11.Nxe7 Qxe7 
12.Nc3 O-O 13.Ne4 d5 14.Ng3 Bb7 15.Ne2 c5 16.Nf4 
d4 17.Nxe6 fxe6 18.Qg4 Rf6 19.Bg5 Raf8 20.Bxf6 
Qxf6 21.Qxe6+ Qxe6 22.Rxe6 1-0